Planificación y gestión integral de parques y jardines : calidad, sostenibilidad y PRL /
Guardado en:
| Autor Principal: | |
|---|---|
| Formato: | Libro |
| Idioma: | Undetermined |
| Publicado: |
[Madrid] :
Mundi-Prensa,
2013.
|
| Edición: | 2a ed . rev. |
| Materias: | |
| Acceso en línea: | Acceso a texto completo |
| Etiquetas: |
Agregar Etiqueta
Sin Etiquetas, Sea el primero en etiquetar este registro!
|
| LEADER | 02804nam a22002175a 4500 | ||
|---|---|---|---|
| 001 | EEA.libagro011122 | ||
| 008 | 190603s2013####sp############000#0#und#d | ||
| 005 | 20210323145131.0 | ||
| 245 | 1 | 0 | |a Planificación y gestión integral de parques y jardines : |b calidad, sostenibilidad y PRL / |c Serafín Ros Orta. |
| 250 | |a 2a ed . rev. | ||
| 260 | |a [Madrid] : |b Mundi-Prensa, |c 2013. | ||
| 300 | |a 368 p. : |b il. col., fot. col. ; |c 23 cm. | ||
| 505 | 0 | |a Presentación -- Prólogo a la segunda edición -- Prólogo -- Parte I. La planificación estratégica de las zonas verdes -- Capítulo I. Las zonas verdes en el plan estratégico -- Capítulo II. La planificación de las zonas verdes -- Parte II. La gestión diferenciada y de futuro -- Capítulo I. La gestión -- Capítulo II. El mantenimiento diferenciado -- Capítulo III. El mantenimiento de futuro -- Parte III. El servicio de mantenimiento y conservación -- Capítulo I. El servicio de mantenimiento y conservación -- Capítulo II. Los agentes que intervienen -- Capítulo III. El dimensionamiento del servicio -- Capítulo IV. Operatividad e infraestructuras -- Capítulo V. Gestión informatizada de un servicio de conservación -- Parte IV. Una gestión integrada para la conservación de zonas verdes: calidad, medio ambiente y PRL -- Capítulo I. La gestión integrada de calidad, medio ambiente y prevención de riesgos laborales -- Parte V. La calidad y las zonas verdes -- Capítulo I. La calidad en la conservación de las zonas verdes -- Capítulo II. El cliente y la empresa -- Capítulo III. Un sistema de calidad certificado -- Parte VI. La gestión medioambiental en la conservación de las zonas verdes -- Capítulo I. La gestión de la conservación sostenible -- Capítulo II. Un sistema de gestión medioambiental certificado -- Capítulo III. Políticas en la gestión medioambiental -- Capítulo IV. La gestión de los residuos -- Parte VII. La prevención de riesgos laborales en la conservación de las zonas verdes -- Capítulo I. La normativa vigente -- Capítulo II. La evaluación de los riesgos laborales -- Capítulo III. El manual básico de prevención -- Capítulo IV. De los trabajadores -- Capítulo V. La salud laboral y los primeros auxilios -- Capítulo VI. Señalización y recomendaciones -- Capítulo VII. -- El Plan de Prevención de Riesgos Laborales -- Bibliografía -- Índice de esquemas -- Índice de fotos -- Índice de tablas. | |
| 020 | |a 8484766500 | ||
| 100 | 1 | |a Ros Orta, Serafín. | |
| 650 | 7 | |a Zonas verdes |2 agrovoc | |
| 650 | 7 | |a Zonas verdes |x Planificación |2 agrovoc | |
| 650 | 7 | |a Jardines |x Planificación |2 agrovoc | |
| 650 | 7 | |a Jardines |x Gestión |2 agrovoc | |
| 856 | 4 | 1 | |3 Acceso a texto completo |u https://elibro.net/es/lc/unsbiblio/titulos/35860 |
| 859 | |a AR-BbBCA |b BIB. AGRONOMIA |h 712 |i R788a2 |p 2019/7017 | ||
